<?xml version="1.0" encoding="UTF-8"?>
<record
    xmlns:xsi="http://www.w3.org/2001/XMLSchema-instance"
    xsi:schemaLocation="http://www.loc.gov/MARC21/slim http://www.loc.gov/standards/marcxml/schema/MARC21slim.xsd"
    xmlns="http://www.loc.gov/MARC21/slim">

  <leader>01796nam a22002297a 4500</leader>
  <datafield tag="999" ind1=" " ind2=" ">
    <subfield code="c">8565</subfield>
    <subfield code="d">8565</subfield>
  </datafield>
  <controlfield tag="003">GBCCL</controlfield>
  <controlfield tag="005">20241126110653.0</controlfield>
  <controlfield tag="008">210408b           ||||| |||| 00| 0 eng d</controlfield>
  <datafield tag="020" ind1=" " ind2=" ">
    <subfield code="a">9780801097409 </subfield>
  </datafield>
  <datafield tag="020" ind1=" " ind2=" ">
    <subfield code="a">0801097401</subfield>
  </datafield>
  <datafield tag="040" ind1=" " ind2=" ">
    <subfield code="c">gbc</subfield>
  </datafield>
  <datafield tag="082" ind1=" " ind2=" ">
    <subfield code="a">266.001</subfield>
    <subfield code="b">MIS</subfield>
  </datafield>
  <datafield tag="245" ind1=" " ind2=" ">
    <subfield code="a">The mission of the church : </subfield>
    <subfield code="b">five views in conversation /</subfield>
    <subfield code="c">Stephen B. Bevans, Darrell L. Guder, Ruth Padilla DeBorst, Edward Rommen, Ed Stetzer ; edited by Craig Ott.</subfield>
  </datafield>
  <datafield tag="260" ind1=" " ind2=" ">
    <subfield code="a">Grand Rapids, Michigan : </subfield>
    <subfield code="b">Baker Academic, a division of Baker Publishing Group, </subfield>
    <subfield code="c">[2016] &#xA9;2016</subfield>
  </datafield>
  <datafield tag="300" ind1=" " ind2=" ">
    <subfield code="a">xxxvi, 181 pages ; </subfield>
    <subfield code="c">23 cm</subfield>
  </datafield>
  <datafield tag="505" ind1=" " ind2=" ">
    <subfield code="a">	A prophetic dialogue approach / Stephen B. Bevans --
A multicultural and translational approach / Darrell L. Guder --
An integral transformation approach / Ruth Padilla DeBorst --
A sacramental vision approach / Edward Rommen --
An evangelical kingdom community approach / Ed Stetzer.</subfield>
  </datafield>
  <datafield tag="505" ind1=" " ind2=" ">
    <subfield code="a">What is the mission of the church? Every seminarian and church leader must wrestle with that question. No matter what designation a church uses to describe itself, it must also think critically about why it exists and what it should be doing. In this book, five leading voices representing a range of Christian traditions engage in an enlightening conversation as they present and compare their perspectives on the mission of the church. Each contributor offers his or her view and responds to the other four views. Contributors include Stephen B. Bevans, Darrell L. Guder, Ruth Padilla DeBorst, Edward Rommen, and Ed Stetzer. The book's format is ideal for classroom use and will also benefit pastors and church leaders. (Publisher). </subfield>
  </datafield>
  <datafield tag="650" ind1=" " ind2=" ">
    <subfield code="a">Mission of the church. </subfield>
    <subfield code="9">50</subfield>
  </datafield>
  <datafield tag="650" ind1=" " ind2=" ">
    <subfield code="a">Theology, Doctrinal. </subfield>
    <subfield code="9">14</subfield>
  </datafield>
  <datafield tag="650" ind1=" " ind2=" ">
    <subfield code="a">Church.</subfield>
    <subfield code="9">263</subfield>
  </datafield>
  <datafield tag="942" ind1=" " ind2=" ">
    <subfield code="2">ddc</subfield>
    <subfield code="c">BK</subfield>
    <subfield code="0">2</subfield>
  </datafield>
  <datafield tag="952" ind1=" " ind2=" ">
    <subfield code="0">0</subfield>
    <subfield code="1">0</subfield>
    <subfield code="2">ddc</subfield>
    <subfield code="4">0</subfield>
    <subfield code="7">0</subfield>
    <subfield code="a">GBC</subfield>
    <subfield code="b">GBC</subfield>
    <subfield code="c">MNMS</subfield>
    <subfield code="d">2021-04-08</subfield>
    <subfield code="l">4</subfield>
    <subfield code="m">1</subfield>
    <subfield code="o">266.001 MIS</subfield>
    <subfield code="p">020206</subfield>
    <subfield code="r">2025-09-26 19:15:58</subfield>
    <subfield code="s">2025-09-25</subfield>
    <subfield code="t">c.1</subfield>
    <subfield code="w">2021-04-08</subfield>
    <subfield code="y">BK</subfield>
  </datafield>
</record>
